000 01026nam a22003137a 4500
003 CHAP
005 20220329134835.0
008 971013s1974 r 00010 d
010 _a26790
011 _a27762
035 _a31863
040 _cCHAP
090 _aFolleto 2459
110 _aInstituto Mexicano de Comercio Exterior
_959249
245 _aPerfil mundial de la naranja
260 _aMéxico, D.F. :
_bEl Instituto,
_c1974
300 _a51 p.
_b; gráfs
590 _aBATCH-UPD
_b10
_c20130110
_lUCH01
_h2134
590 _aBATCH-UPD
_b10
_c20130410
_lUCH01
_h1443
590 _aBATCH-UPD
_b10
_c20130914
_lUCH01
_h1836
590 _aCONVERSION
_b10
_c20130109
_lUCH01
_h1315
650 1 4 _aNaranja
_xAspectos económicos
_xMéxico.
_980135
650 1 4 _aNaranja
_xMercadeo.
_980176
901 _aBK
942 _cFOLL
949 _aFolleto 2459
_bBC
_cFOLL
_d-73690
_eTS1
_i31863
_mD
_si
949 _aFolleto 2459
_bBC
_cFOLL
_d-73691
_eTS2
_fc.2
_i31863
_mD
_si
949 _aFolleto 2459
_bBC
_cFOLL
_d-73692
_eTS2
_fc.3
_i31863
_mD
_si
999 _c26790
_d26790